Theology of the New Testament / (Record no. 6865)
[ view plain ]
| 000 -LEADER | |
|---|---|
| fixed length control field | 00860cam a22002414a 4500 |
| 001 - CONTROL NUMBER | |
| control field | 12032079 |
| 005 - DATE AND TIME OF LATEST TRANSACTION | |
| control field | 20250708130459.0 |
| 008 - FIXED-LENGTH DATA ELEMENTS--GENERAL INFORMATION | |
| fixed length control field | 000606s2000 nyu b 001 0 eng |
| 020 ## - INTERNATIONAL STANDARD BOOK NUMBER | |
| International Standard Book Number | 3110156520 |
| Qualifying information | alk. paper |
| 020 ## - INTERNATIONAL STANDARD BOOK NUMBER | |
| International Standard Book Number | 0664223362 |
| Qualifying information | pbk. : alk. paper |
| 020 ## - INTERNATIONAL STANDARD BOOK NUMBER | |
| International Standard Book Number | 9783110156522 |
| Qualifying information | (alk. paper) |
| 020 ## - INTERNATIONAL STANDARD BOOK NUMBER | |
| International Standard Book Number | 9780664223366 |
| Qualifying information | (pbk. : alk. paper) |
| 041 1# - LANGUAGE CODE | |
| Language code of text/sound track or separate title | eng |
| Language code of original | ger |
| 050 00 - LIBRARY OF CONGRESS CALL NUMBER | |
| Classification number | BS2397 |
| Item number | .S8513 2000 |
| 082 00 - DEWEY DECIMAL CLASSIFICATION NUMBER | |
| Classification number | 230/.0415 |
| Edition information | 21 |
| 100 1# - MAIN ENTRY--PERSONAL NAME | |
| Personal name | Strecker, Georg, |
| Dates associated with a name | 1929- |
| 245 10 - TITLE STATEMENT | |
| Title | Theology of the New Testament / |
| Statement of responsibility, etc. | Georg Strecker ; German edition edited and completed by Friedrich Wilhelm Horn ; translated by M. Eugene Boring. |
| 250 ## - EDITION STATEMENT | |
| Edition statement | 1st ed. |
| 260 ## - PUBLICATION, DISTRIBUTION, ETC. | |
| Place of publication, distribution, etc. | New York : |
| Name of publisher, distributor, etc. | W. de Gruyter ; |
| Place of publication, distribution, etc. | Louisville, Ky. : |
| Name of publisher, distributor, etc. | Westminster John Knox Press, |
| Date of publication, distribution, etc. | 2000. |
| 300 ## - PHYSICAL DESCRIPTION | |
| Extent | xvii, 758 p. ; |
| Dimensions | 24 cm. |
| 700 1# - ADDED ENTRY--PERSONAL NAME | |
| Personal name | Horn, Friedrich Wilhelm. |
| 942 ## - ADDED ENTRY ELEMENTS (KOHA) | |
| Source of classification or shelving scheme | Library of Congress Classification |
| Koha item type | Books |
| Suppress in OPAC | No |
| 999 ## - | |
| -- | 6865 |
| -- | 6865 |
| Withdrawn status | Lost status | Source of classification or shelving scheme | Damaged status | Not for loan | Collection | Home library | Current library | Shelving location | Date acquired | Total checkouts | Full call number | Barcode | Date last seen | Copy number | Price effective from | Koha item type |
|---|---|---|---|---|---|---|---|---|---|---|---|---|---|---|---|---|
| Library of Congress Classification | Non-fiction | Business Library (Miotso) | Business Library (Miotso) | General stacks | 03/04/2026 | BS 2397.S85 STR | BSSM00002415 | 03/04/2026 | 1 | 03/04/2026 | Books | |||||
| Library of Congress Classification | Non-fiction | Undergraduate Library (Christ Temple) | Undergraduate Library (Christ Temple) | General stacks | 07/08/2025 | BS 2397.S85 STR | ulct00003710 | 07/08/2025 | 1 | 07/08/2025 | Books |